Loading...
| Fine Arts - Other | 0 | 9 | 0 | 2 | 90 | 68 | 105.00 | 0 | 2 | 15.97 | 35.23 |
| Literature - European | 0 | 8 | 0 | 1 | 80 | 103 | 123.50 | 0 | 1 | 8.69 | 26.14 |
| Fine Arts - Classical Music | 0 | 6 | 0 | 0 | 60 | 100 | 113.33 | 0 | 0 | 5.81 | 22.73 |
| Literature - World | 0 | 6 | 0 | 2 | 60 | 107 | 130.33 | 0 | 0 | 3.38 | 17.05 |
| Literature - British | 0 | 5 | 0 | 0 | 50 | 92 | 116.00 | 0 | 2 | 9.16 | 25.00 |
| History - World | 0 | 4 | 0 | 2 | 40 | 94 | 123.00 | 0 | 0 | 2.57 | 10.23 |
| Fine Arts - Painting and Sculpture | 0 | 4 | 1 | 1 | 35 | 72 | 102.00 | 0 | 0 | 6.14 | 12.50 |
| Literature - American | 0 | 3 | 0 | 1 | 30 | 33 | 92.33 | 1 | 1 | 8.99 | 15.91 |
| History - European | 0 | 3 | 0 | 1 | 30 | 114 | 124.67 | 0 | 1 | 1.14 | 6.82 |
| History - American | 0 | 3 | 0 | 0 | 30 | 84 | 99.67 | 0 | 0 | 5.55 | 10.23 |
| Philosophy | 0 | 3 | 1 | 1 | 25 | 89 | 104.33 | 0 | 1 | 2.60 | 13.64 |
| Social Science | 0 | 2 | 0 | 0 | 20 | 101 | 101.00 | 0 | 0 | 2.22 | 5.68 |
| History - Other | 0 | 3 | 2 | 1 | 20 | 84 | 102.33 | 0 | 0 | 4.53 | 11.36 |
| Geography | 0 | 2 | 0 | 2 | 20 | 124 | 127.50 | 0 | 0 | 0.00 | 8.33 |
| Mythology | 0 | 2 | 0 | 1 | 20 | 99 | 118.00 | 0 | 0 | 0.44 | 3.41 |
| Other Academic | 0 | 1 | 0 | 0 | 10 | 96 | 96.00 | 0 | 0 | 6.21 | 12.50 |
| Religion | 0 | 1 | 1 | 0 | 5 | 99 | 99.00 | 0 | 0 | 0.98 | 2.27 |
| Popular Culture | 0 | 0 | 1 | 0 | -5 | 0.00 | 0 | 0 | 0.00 | 0.00 | |
| Science - Biology | 0 | 0 | 1 | 0 | -5 | 0.00 | 0 | 0 | 0.00 | 0.00 |